Aspectos metodológicos de la investigación transcultural en educación (Record no. 62852)

MARC details
000 -CABECERA
campo de control de longitud fija 00696nam a2200229 a 4500
005 - FECHA Y HORA DE LA ÚLTIMA TRANSACCIÓN
campo de control 20230822063734.0
008 - ELEMENTOS DE LONGITUD FIJA--INFORMACIÓN GENERAL
campo de control de longitud fija 991125n 000 0 spa u
035 ## - NÚMERO DE CONTROL DEL SISTEMA
Número de control de sistema UPN01000064991
100 1# - ASIENTO PRINCIPAL--NOMBRE PERSONAL
Nombre de persona Sánchez Escobedo, Pedro Antonio,
Fechas asociadas al nombre 1959-
9 (RLIN) 31464
222 ## - TÍTULO CLAVE
Título clave REVISTA DE LA UNIVERSIDAD AUTONOMA DE YUCATAN
245 ## - MENCIÓN DE TÍTULO
Título Aspectos metodológicos de la investigación transcultural en educación
260 ## - PUBLICACIÓN, DISTRIBUCIÓN, ETC.
Lugar de publicación, distribución, etc. México
300 ## - DESCRIPCIÓN FÍSICA
Extensión 22-27
362 ## - FECHAS DE PUBLICACIÓN Y/O DESIGNACIÓN SECUENCIAL
Fecha de publicación y/o designación secuencial 1992 Vol. 7, no. 181, abr.-jun.
653 0# - TERMINO DE INDIZACION - NO CONTROLADO
Término no controlado BASES DE DATOS
653 0# - TERMINO DE INDIZACION - NO CONTROLADO
Término no controlado INFORMACION
653 0# - TERMINO DE INDIZACION - NO CONTROLADO
Término no controlado INVESTIGACION TRANSCULTURAL
700 1# - ASIENTO SECUNDARIO--NOMBRE DE PERSONAL
Nombre de persona Arcudia Abad, Carlos E.,
700 1# - ASIENTO SECUNDARIO--NOMBRE DE PERSONAL
Término indicativo de función/relación coaut.
904 ## - ELEMENTOS DE DATOS D LOCAL, LDD (RLIN)
a AC
b 002802
905 ## - TIPO DE MATERIAL
Tipo de material Articulo

No items available.